Touching The Moon (Record no. 8272)
[ view plain ]
| 000 -LEADER | |
|---|---|
| fixed length control field | 00394 a2200145 4500 |
| 020 ## - INTERNATIONAL STANDARD BOOK NUMBER | |
| International Standard Book Number | 0749303115 (pbk.) |
| 005 - DATE AND TIME OF LATEST TRANSACTION | |
| control field | 20191017172000.0 |
| 084 ## - OTHER CLASSIFICATION NUMBER | |
| Classification number | DT433.225 .P74 1990 |
| 245 ## - TITLE STATEMENT | |
| Title | Touching The Moon |
| Medium | |
| 260 ## - PUBLICATION, DISTRIBUTION, ETC. | |
| Place of publication, distribution, etc. | enk |
| Name of publisher, distributor, etc. | Mandarin |
| Date of publication, distribution, etc. | c1990 |
| 300 ## - PHYSICAL DESCRIPTION | |
| Extent | 199 p. : map |
| Other physical details | 20 cm. |
| Dimensions | 199 p. : map ; 20 cm. |
| 490 ## - SERIES STATEMENT | |
| Series statement | A Mandarin paperback |
| 500 ## - GENERAL NOTE | |
| General note | John Preston. |
| 650 ## - SUBJECT ADDED ENTRY--TOPICAL TERM | |
| Topical term or geographic name entry element | English Novel |
| 700 ## - ADDED ENTRY--PERSONAL NAME | |
| Personal name | Preston, John |
No items available.